00939cam a22002655a 45000010009000000050017000090080041000260200040000670200018001070400033001250820020001581000026001782450038002042600076002423000051003185000024003695040041003936500026004346510010004606530021004706550024004919420008005159990017005239520133005401351623420150608110125.0040309t2004 njuadk frb 001 0 eng d a0124909515 (casebound : alk. paper) a9780124909519 aDLCbengcDLCdDLCdEG-ScBUE04a621.36222bMEN1 aMenn, Naftaly.93811410aPractical optics /cNaftaly Menn. aBurlington ;aCalifornia ;aLondon :bElsevier Academic Press,cc.2004. axii, 321 p. :bcharts, forms, tables ;c24 cm. aIndex : p. 317-321. aIncludes bibliographical references. 7aOptics.2BUEsh937791 2BUEsh bENGGENcJune2015 vreading book934232 2ddc c19481d19453 00102ddc40708BaccahaMAINbMAINc1STd2015-06-03epurchasel1m1o621.36 MENp000038387r2025-07-15 00:00:00s2015-08-24yBB